UM Logo

Time (Record no. 7410)

MARC details
000 -LEADER
fixed length control field 00370nam a22001217a 4500
008 - FIXED-LENGTH DATA ELEMENTS--GENERAL INFORMATION
fixed length control field 170908b xxu||||| |||| 00| 0 eng d
082 ## - DEWEY DECIMAL CLASSIFICATION NUMBER
Edition number Dec 2015-Mar 2016 v.186-187
Classification number DPer 050
Item number T48
245 ## - TITLE STATEMENT
Title Time
260 ## - PUBLICATION, DISTRIBUTION, ETC. (IMPRINT)
Place of publication, distribution, etc. New York :
Name of publisher, distributor, etc. Time Inc.,
Date of publication, distribution, etc. Dec 2015-Mar 2016.
300 ## - PHYSICAL DESCRIPTION
Extent volumes 186-187;
Dimensions 27 cm.
650 #0 - SUBJECT ADDED ENTRY--TOPICAL TERM
9 (RLIN) 22477
Topical term or geographic name as entry element News, International
General subdivision Periodicals.
942 ## - ADDED ENTRY ELEMENTS (KOHA)
Source of classification or shelving scheme Dewey Decimal Classification
Koha item type Periodicals
Holdings
Withdrawn status Lost status Source of classification or shelving scheme Materials specified (bound volume or other part) Damaged status Not for loan Collection code Home library Current library Date acquired Total Checkouts Full call number Barcode Date last seen Price effective from Koha item type Public note
    Dewey Decimal Classification Vol. 186-187     Periodicals UM Digos College - LIC UM Digos College - LIC 09/08/2017   DPer 050 T48 Dec 2015-Mar 2016 v.186-187 00137 09/08/2017 09/08/2017 Periodicals Bound periodicals